000 00655nam a2200193Ia 4500
008 151121s9999||||xx |||||||||||||| ||und||
082 _aबा।वि।
082 _bHNW-112852
100 _aपोतदार अनुराधा
245 _aमहान स्त्रिया
260 _b"अजब पुस्तकालय, कोल्हापूर"
260 _c2012
300 _a167
600 _aपोतदार अनुराधा
630 _aमहान स्त्रिया
700 _aपोतदार अनुराधा
730 _aमहान स्त्रिया
942 _cBOOK
999 _c1262102
_d1262099